| 000 | 00631nam a2200205 i 4500 | ||
|---|---|---|---|
| 001 | 141698 | ||
| 003 | ES-MaACL | ||
| 005 | 20230906200340.0 | ||
| 007 | t| | ||
| 008 | 070926s1948 fr af |||| |dfre d | ||
| 080 | _a75Vermeer | ||
| 100 | 1 |
_aVries, A. B. _9115760 |
|
| 245 | 1 | 0 |
_aJan Vermeer de Delft / _cpar A. B. Vries ; suivi de La Poétique de Vermeer / par René Huyghe. |
| 260 |
_a[Paris] : _bPierre Tisné, _c1948. |
||
| 300 |
_a123, 41 lám., 38 p., 38 lám. ; _c26 cm. |
||
| 600 | 1 | 4 |
_aVermeer, Johannes. _9114147 |
| 700 | 1 |
_aHuyghe, René. _964866 |
|
| 740 | 3 | _aLa poétique de Vermeer. | |
| 852 |
_aES-MaACL _jA-82 |
||
| 999 |
_c141698 _d141698 |
||